00625nam a2200181 a 450000100060000000300080000600500170001400800410003103500190007204000220009104100080011308200240012110000400014524501280018526000440031330000260035765000600038382788BD-RjUL20240127100732.0230128s1923 nyu 000 0 eng d a(BD-RjUL)82788 aTAUbengcBD-RjUL aeng 221a823.8bSTS 19231 aStevenson, Robert Louis,d1850-189414aThe strange case of Dr. Jekyll and Mr. Hyde : with The merry men, and other tales and fables /cby Robert Louis Stevenson aLondon:bEvelegh Nash & Grayson,cc1923 a247 p. :bill.c19 cm aEngland England Londonv FictionxGood and evil History